000 01075nam a2200253 a 4500
999 _c9323
_d9323
001 9323
003 BD-JhCC
005 20180524092512.0
008 180312s1968 bg |||| ||a| 000 0 b d
035 _a(BD-JhCC)9323
040 _aBD-JhCC
_dBD-JhCC
041 _aben
082 _a324.21
_bWHI 1968
100 _aহোয়াইট, থিওভোর এইস
245 _aআমেরিকার প্রেসিডেন্ট নির্বাচন ১৯৬৪ /
_cথিওভোর এইস হোয়াইট এবং মোসলেম আলী বিশ্বাস, আখ তার-উল আলম, এ.কে.এম. মহিউদ্দিন, (অনু.)
260 _aঢাকা:
_bখোশরোজ কিতাব মহল;
_c1968.
300 _a677 p. :
_c21 cm.
650 _aThe preredent.
_zUnited States.
700 _aবিশ্বাস, মোসলেম আলী
700 _aআলম,আখ তার-উল
700 _aমহিউদ্দিন,এ.কে.এম.
942 _2ddc
_cBK